[Event "Deutsche Ländermeisterschaft 2025"]
[Site "Oer-Erkenschwick GER"]
[Date "2025.10.01"]
[Round "1"]
[White "Gade, Niels Severin"]
[Black "Bundan, Edward"]
[Result "1/2-1/2"]
[Termination "normal"]
[Board "4.5"]
[WhiteElo "1908"]
[BlackElo "1939"]
[WhiteClock "00:13:44"]
[BlackClock "00:06:44"]
[WhiteTeam "Baden"]
[BlackTeam "Niedersachsen"]
[PlyCount "93"]
[WhiteFideId "1346563"]
[BlackFideId "34603042"]
[EventCountry "GER"]
[EventRounds "7"]
[EventType "team-swiss"]
[EventDate "2025.09.30"]

1. e4 {[%clk 01:30:50]} {[%emt 00:00:09]} c5 {[%clk 01:30:53]} {[%emt
00:00:07]} 2. Nf3 {[%clk 01:31:10]} {[%emt 00:00:10]} Nc6 {[%clk 01:31:00]}
{[%emt 00:00:24]} 3. d4 {[%clk 01:31:21]} {[%emt 00:00:19]} cxd4 {[%clk
01:31:24]} {[%emt 00:00:06]} 4. Nxd4 {[%clk 01:31:44]} {[%emt 00:00:08]} Nf6
{[%clk 01:31:42]} {[%emt 00:00:12]} 5. Nc3 {[%clk 01:31:56]} {[%emt 00:00:17]}
e5 {[%clk 01:31:56]} {[%emt 00:00:16]} 6. Ndb5 {[%clk 01:31:51]} {[%emt
00:00:34]} d6 {[%clk 01:32:13]} {[%emt 00:00:13]} 7. Bg5 {[%clk 01:31:50]}
{[%emt 00:00:31]} a6 {[%clk 01:32:30]} {[%emt 00:00:13]} 8. Na3 {[%clk
01:32:01]} {[%emt 00:00:19]} b5 {[%clk 01:32:53]} {[%emt 00:00:07]} 9. Nd5
{[%clk 01:31:26]} {[%emt 00:01:05]} Be7 {[%clk 01:33:14]} {[%emt 00:00:09]} 10.
Bxf6 {[%clk 01:31:21]} {[%emt 00:00:35]} Bxf6 {[%clk 01:33:35]} {[%emt
00:00:09]} 11. c3 {[%clk 01:30:29]} {[%emt 00:01:22]} O-O {[%clk 01:33:56]}
{[%emt 00:00:09]} 12. h4 {[%clk 01:28:50]} {[%emt 00:02:09]} g6 {[%clk
01:33:35]} {[%emt 00:00:51]} 13. g3 {[%clk 01:28:14]} {[%emt 00:01:06]} Bg7
{[%clk 01:33:42]} {[%emt 00:00:24]} 14. Nc2 {[%clk 01:23:09]} {[%emt 00:05:34]}
Rb8 {[%clk 01:33:35]} {[%emt 00:00:37]} 15. h5 {[%clk 01:19:10]} {[%emt
00:04:29]} Ne7 {[%clk 01:18:51]} {[%emt 00:15:13]} 16. Nce3 {[%clk 01:15:44]}
{[%emt 00:03:57]} Nxd5 {[%clk 01:18:16]} {[%emt 00:01:04]} 17. Nxd5 {[%clk
01:15:08]} {[%emt 00:01:06]} f5 {[%clk 01:14:05]} {[%emt 00:04:41]} 18. hxg6
{[%clk 01:08:08]} {[%emt 00:07:30]} hxg6 {[%clk 01:14:10]} {[%emt 00:00:25]}
19. exf5 {[%clk 01:05:21]} {[%emt 00:03:18]} Bxf5 {[%clk 01:12:55]} {[%emt
00:01:45]} 20. Bh3 {[%clk 00:58:45]} {[%emt 00:07:06]} Bxh3 {[%clk 01:11:00]}
{[%emt 00:02:25]} 21. Rxh3 {[%clk 00:58:53]} {[%emt 00:00:23]} Qd7 {[%clk
01:08:59]} {[%emt 00:02:29]} 22. Rh2 {[%clk 00:59:00]} {[%emt 00:00:24]} Rf7
{[%clk 01:07:34]} {[%emt 00:01:53]} 23. Kf1 {[%clk 00:51:57]} {[%emt 00:07:34]}
Rbf8 {[%clk 01:04:09]} {[%emt 00:03:54]} 24. Kg1 {[%clk 00:49:30]} {[%emt
00:02:58]} Rf3 {[%clk 00:47:22]} {[%emt 00:17:16]} 25. Qb3 {[%clk 00:43:39]}
{[%emt 00:06:21]} R8f7 {[%clk 00:44:49]} {[%emt 00:03:02]} 26. a4 {[%clk
00:37:42]} {[%emt 00:06:27]} Bf8 {[%clk 00:29:45]} {[%emt 00:15:34]} 27. axb5
{[%clk 00:34:03]} {[%emt 00:04:09]} axb5 {[%clk 00:29:38]} {[%emt 00:00:37]}
28. Qb4 {[%clk 00:27:58]} {[%emt 00:06:37]} g5 {[%clk 00:22:57]} {[%emt
00:07:10]} 29. Qe4 {[%clk 00:26:50]} {[%emt 00:01:37]} Qf5 {[%clk 00:22:40]}
{[%emt 00:00:48]} 30. Qxf5 {[%clk 00:26:27]} {[%emt 00:00:54]} R3xf5 {[%clk
00:22:43]} {[%emt 00:00:26]} 31. Ra5 {[%clk 00:26:28]} {[%emt 00:00:29]} Rb7
{[%clk 00:22:53]} {[%emt 00:00:19]} 32. g4 {[%clk 00:25:17]} {[%emt 00:01:42]}
Rf3 {[%clk 00:17:08]} {[%emt 00:06:14]} 33. Rh5 {[%clk 00:25:04]} {[%emt
00:00:44]} Kf7 {[%clk 00:16:08]} {[%emt 00:01:26]} 34. Rxg5 {[%clk 00:24:29]}
{[%emt 00:01:09]} Rd3 {[%clk 00:13:41]} {[%emt 00:02:55]} 35. Rf5+ {[%clk
00:23:59]} {[%emt 00:01:02]} Kg6 {[%clk 00:09:47]} {[%emt 00:04:23]} 36. Rxf8
{[%clk 00:18:36]} {[%emt 00:05:55]} Rxd5 {[%clk 00:10:07]} {[%emt 00:00:10]}
37. Kg2 {[%clk 00:16:22]} {[%emt 00:02:44]} Rd2 {[%clk 00:09:44]} {[%emt
00:00:52]} 38. Ra6 {[%clk 00:15:29]} {[%emt 00:01:22]} Kg7 {[%clk 00:07:43]}
{[%emt 00:02:32]} 39. Rd8 {[%clk 00:14:25]} {[%emt 00:01:34]} Rf7 {[%clk
00:07:40]} {[%emt 00:00:32]} 40. Rdxd6 {[%clk 00:14:23]} {[%emt 00:00:32]}
Rfxf2+ {[%clk 00:07:43]} {[%emt 00:00:27]} 41. Kg3 {[%clk 00:14:12]} {[%emt
00:00:41]} Rxd6 {[%clk 00:06:58]} {[%emt 00:01:14]} 42. Rxd6 {[%clk 00:14:23]}
{[%emt 00:00:19]} Rxb2 {[%clk 00:07:10]} {[%emt 00:00:18]} 43. Rc6 {[%clk
00:12:59]} {[%emt 00:01:55]} Rb3 {[%clk 00:06:36]} {[%emt 00:01:04]} 44. Kf2
{[%clk 00:13:10]} {[%emt 00:00:20]} b4 {[%clk 00:06:20]} {[%emt 00:00:44]} 45.
cxb4 {[%clk 00:13:09]} {[%emt 00:00:31]} Rxb4 {[%clk 00:06:31]} {[%emt
00:00:19]} 46. Re6 {[%clk 00:13:20]} {[%emt 00:00:20]} Rxg4 {[%clk 00:06:44]}
{[%emt 00:00:17]} 47. Rxe5 {[%clk 00:13:44]} {[%emt 00:00:06]} 1/2-1/2

[Event "Deutsche Ländermeisterschaft 2025"]
[Site "Oer-Erkenschwick GER"]
[Date "2025.10.01"]
[Round "1"]
[White "Oellrich, Emma"]
[Black "Färber, Anna"]
[Result "1-0"]
[Termination "normal"]
[Board "4.6"]
[WhiteElo "1764"]
[BlackElo "1780"]
[WhiteClock "00:37:20"]
[BlackClock "00:30:24"]
[WhiteTeam "Niedersachsen"]
[BlackTeam "Baden"]
[PlyCount "97"]
[WhiteFideId "16268806"]
[BlackFideId "34633480"]
[EventCountry "GER"]
[EventRounds "7"]
[EventType "team-swiss"]
[EventDate "2025.09.30"]

1. d4 {[%clk 01:30:58]} Nf6 {[%clk 01:30:53]} {[%emt 00:00:07]} 2. c4 {[%clk
01:31:23]} {[%emt 00:00:06]} g6 {[%clk 01:31:20]} {[%emt 00:00:03]} 3. Nc3
{[%clk 01:31:47]} {[%emt 00:00:07]} Bg7 {[%clk 01:31:46]} {[%emt 00:00:05]} 4.
e4 {[%clk 01:32:12]} {[%emt 00:00:05]} d6 {[%clk 01:32:12]} {[%emt 00:00:04]}
5. Nf3 {[%clk 01:32:34]} {[%emt 00:00:07]} O-O {[%clk 01:32:34]} {[%emt
00:00:07]} 6. Be2 {[%clk 01:32:56]} {[%emt 00:00:09]} e5 {[%clk 01:32:55]}
{[%emt 00:00:09]} 7. Be3 {[%clk 01:33:16]} {[%emt 00:00:10]} Ng4 {[%clk
01:32:48]} {[%emt 00:00:36]} 8. Bg5 {[%clk 01:33:37]} {[%emt 00:00:09]} f6
{[%clk 01:32:01]} {[%emt 00:01:17]} 9. Bc1 {[%clk 01:34:02]} {[%emt 00:00:05]}
Nc6 {[%clk 01:27:37]} {[%emt 00:04:53]} 10. d5 {[%clk 01:31:39]} {[%emt
00:02:54]} Ne7 {[%clk 01:27:16]} {[%emt 00:00:51]} 11. Nd2 {[%clk 01:31:10]}
{[%emt 00:00:59]} Nh6 {[%clk 01:25:49]} {[%emt 00:01:57]} 12. Rb1 {[%clk
01:27:28]} {[%emt 00:04:13]} a5 {[%clk 01:22:18]} {[%emt 00:04:01]} 13. a3
{[%clk 01:27:16]} {[%emt 00:00:42]} f5 {[%clk 01:17:59]} {[%emt 00:04:48]} 14.
f3 {[%clk 01:24:16]} {[%emt 00:03:29]} f4 {[%clk 01:13:03]} {[%emt 00:05:26]}
15. b4 {[%clk 01:20:34]} {[%emt 00:04:13]} axb4 {[%clk 01:12:02]} {[%emt
00:01:31]} 16. axb4 {[%clk 01:20:52]} {[%emt 00:00:11]} b6 {[%clk 01:06:24]}
{[%emt 00:06:08]} 17. Nb3 {[%clk 01:11:00]} {[%emt 00:10:22]} g5 {[%clk
01:03:01]} {[%emt 00:03:53]} 18. c5 {[%clk 00:50:47]} {[%emt 00:20:43]} bxc5
{[%clk 01:00:47]} {[%emt 00:02:45]} 19. bxc5 {[%clk 00:51:09]} {[%emt
00:00:08]} Ng6 {[%clk 00:55:20]} {[%emt 00:05:56]} 20. Kd2 {[%clk 00:45:58]}
{[%emt 00:05:42]} Nf7 {[%clk 00:46:42]} {[%emt 00:09:07]} 21. Kc2 {[%clk
00:43:54]} {[%emt 00:02:34]} h5 {[%clk 00:40:32]} {[%emt 00:06:40]} 22. Bd2
{[%clk 00:40:42]} {[%emt 00:03:42]} Nh6 {[%clk 00:33:02]} {[%emt 00:07:59]} 23.
h3 {[%clk 00:38:10]} {[%emt 00:03:03]} Bd7 {[%clk 00:26:53]} {[%emt 00:06:39]}
24. c6 {[%clk 00:32:24]} {[%emt 00:06:16]} Be8 {[%clk 00:26:02]} {[%emt
00:01:21]} 25. Be1 {[%clk 00:29:49]} {[%emt 00:03:05]} Nh4 {[%clk 00:19:29]}
{[%emt 00:07:03]} 26. Rg1 {[%clk 00:28:56]} {[%emt 00:01:23]} Qf6 {[%clk
00:17:17]} {[%emt 00:02:42]} 27. Nd2 {[%clk 00:22:06]} {[%emt 00:07:20]} Qd8
{[%clk 00:12:51]} {[%emt 00:04:57]} 28. Bf2 {[%clk 00:18:34]} {[%emt 00:04:02]}
Rb8 {[%clk 00:11:13]} {[%emt 00:02:08]} 29. Nb5 {[%clk 00:17:57]} {[%emt
00:01:07]} Ng6 {[%clk 00:09:42]} {[%emt 00:02:01]} 30. Nc4 {[%clk 00:17:02]}
{[%emt 00:01:25]} Ne7 {[%clk 00:08:19]} {[%emt 00:01:52]} 31. Na5 {[%clk
00:16:46]} {[%emt 00:00:47]} Ra8 {[%clk 00:07:16]} {[%emt 00:01:31]} 32. Nb7
{[%clk 00:14:40]} {[%emt 00:02:38]} Qc8 {[%clk 00:06:31]} {[%emt 00:01:14]} 33.
Na7 {[%clk 00:13:14]} {[%emt 00:01:57]} Rxa7 {[%clk 00:06:05]} {[%emt
00:00:56]} 34. Bxa7 {[%clk 00:13:36]} {[%emt 00:00:08]} Nf7 {[%clk 00:02:56]}
{[%emt 00:03:39]} 35. Kd2 {[%clk 00:09:06]} {[%emt 00:04:59]} Qa8 {[%clk
00:01:41]} {[%emt 00:01:43]} 36. Qa4 {[%clk 00:08:49]} {[%emt 00:00:49]} Nc8
{[%clk 00:00:48]} {[%emt 00:01:22]} 37. Ra1 {[%clk 00:09:09]} {[%emt 00:00:11]}
Nxa7 {[%clk 00:00:43]} {[%emt 00:00:35]} 38. Qxa7 {[%clk 00:09:34]} {[%emt
00:00:05]} Qxa7 {[%clk 00:00:55]} {[%emt 00:00:18]} 39. Rxa7 {[%clk 00:10:00]}
{[%emt 00:00:04]} Nh8 {[%clk 00:00:46]} {[%emt 00:00:39]} 40. Nd8 {[%clk
00:10:00]} {[%emt 00:00:30]} Bf7 {[%clk 00:00:32]} {[%emt 00:00:44]} 41. Nxf7
{[%clk 00:09:07]} {[%emt 00:01:22]} Rxf7 {[%clk 00:00:58]} {[%emt 00:00:05]}
42. Rb1 {[%clk 00:09:21]} {[%emt 00:00:16]} Bf6 {[%clk 00:01:02]} {[%emt
00:00:26]} 43. Rbb7 {[%clk 00:08:24]} {[%emt 00:01:27]} Bd8 {[%clk 00:01:27]}
{[%emt 00:00:04]} 44. Rb8 {[%clk 00:08:44]} {[%emt 00:00:10]} Rf8 {[%clk
00:01:38]} {[%emt 00:00:19]} 45. Raa8 {[%clk 00:09:02]} {[%emt 00:00:12]} Nf7
{[%clk 00:02:00]} {[%emt 00:00:08]} 46. Ba6 {[%clk 00:08:45]} {[%emt 00:00:47]}
Kg7 {[%clk 00:00:40]} {[%emt 00:01:50]} 47. Bc8 {[%clk 00:08:47]} {[%emt
00:00:28]} Bf6 {[%clk 00:00:35]} {[%emt 00:00:35]} 48. Bd7 {[%clk 00:07:24]}
{[%emt 00:01:52]} Nd8 {[%clk 00:30:24]} {[%emt 00:00:41]} 49. Rc8 {[%clk
00:37:20]} {[%emt 00:00:34]} 1-0

[Event "Deutsche Ländermeisterschaft 2025"]
[Site "Oer-Erkenschwick GER"]
[Date "2025.10.01"]
[Round "1"]
[White "Wettstein, Levin"]
[Black "Zhang, Jiahui"]
[Result "1-0"]
[Termination "normal"]
[Board "4.7"]
[WhiteElo "1831"]
[BlackElo "1575"]
[WhiteClock "00:25:45"]
[BlackClock "00:11:57"]
[WhiteTeam "Baden"]
[BlackTeam "Niedersachsen"]
[PlyCount "55"]
[WhiteFideId "34635866"]
[BlackFideId "533001308"]
[EventCountry "GER"]
[EventRounds "7"]
[EventType "team-swiss"]
[EventDate "2025.09.30"]

1. e4 {[%clk 01:30:57]} {[%emt 00:00:02]} c6 {[%clk 01:30:53]} {[%emt
00:00:08]} 2. d4 {[%clk 01:31:20]} {[%emt 00:00:07]} d5 {[%clk 01:31:19]}
{[%emt 00:00:04]} 3. Nd2 {[%clk 01:31:43]} {[%emt 00:00:07]} dxe4 {[%clk
01:31:39]} {[%emt 00:00:10]} 4. Nxe4 {[%clk 01:32:01]} {[%emt 00:00:12]} Bf5
{[%clk 01:32:03]} {[%emt 00:00:05]} 5. Ng3 {[%clk 01:32:13]} {[%emt 00:00:18]}
Bg6 {[%clk 01:32:25]} {[%emt 00:00:08]} 6. h4 {[%clk 01:32:36]} {[%emt
00:00:07]} h5 {[%clk 01:32:41]} {[%emt 00:00:15]} 7. Nf3 {[%clk 01:32:57]}
{[%emt 00:00:08]} Nd7 {[%clk 01:32:02]} {[%emt 00:01:09]} 8. Bd3 {[%clk
01:32:06]} {[%emt 00:01:22]} Bxd3 {[%clk 01:31:40]} {[%emt 00:00:52]} 9. Qxd3
{[%clk 01:32:21]} {[%emt 00:00:15]} Ngf6 {[%clk 01:30:17]} {[%emt 00:01:53]}
10. O-O {[%clk 01:30:32]} {[%emt 00:02:19]} e6 {[%clk 01:27:08]} {[%emt
00:03:39]} 11. Re1 {[%clk 01:29:33]} {[%emt 00:01:28]} Qc7 {[%clk 01:21:47]}
{[%emt 00:05:51]} 12. Ng5 {[%clk 01:26:21]} {[%emt 00:03:42]} Bd6 {[%clk
01:14:49]} {[%emt 00:07:27]} 13. Rxe6+ {[%clk 01:24:33]} {[%emt 00:02:19]} Kf8
{[%clk 01:08:10]} {[%emt 00:07:09]} 14. Qb3 {[%clk 01:20:32]} {[%emt 00:04:30]}
Nd5 {[%clk 01:02:45]} {[%emt 00:05:55]} 15. c4 {[%clk 00:52:39]} {[%emt
00:28:24]} Bxg3 {[%clk 00:53:12]} {[%emt 00:10:02]} 16. fxg3 {[%clk 00:50:52]}
{[%emt 00:02:17]} Qb6 {[%clk 00:51:01]} {[%emt 00:02:42]} 17. Qf3 {[%clk
00:45:04]} {[%emt 00:06:17]} N5f6 {[%clk 00:44:44]} {[%emt 00:06:47]} 18. Rd6
{[%clk 00:38:14]} {[%emt 00:07:21]} Ne5 {[%clk 00:37:37]} {[%emt 00:07:36]} 19.
Qa3 {[%clk 00:36:50]} {[%emt 00:01:54]} Kg8 {[%clk 00:35:58]} {[%emt 00:02:09]}
20. c5 {[%clk 00:35:35]} {[%emt 00:01:45]} Qb5 {[%clk 00:28:26]} {[%emt
00:08:02]} 21. dxe5 {[%clk 00:33:48]} {[%emt 00:02:16]} Ng4 {[%clk 00:25:49]}
{[%emt 00:03:08]} 22. Bf4 {[%clk 00:31:22]} {[%emt 00:02:55]} b6 {[%clk
00:18:38]} {[%emt 00:07:41]} 23. Rad1 {[%clk 00:31:00]} {[%emt 00:00:53]} g6
{[%clk 00:17:18]} {[%emt 00:01:50]} 24. Qc3 {[%clk 00:27:34]} {[%emt 00:03:55]}
Qxc5+ {[%clk 00:13:20]} {[%emt 00:04:28]} 25. Qxc5 {[%clk 00:27:55]} {[%emt
00:00:10]} bxc5 {[%clk 00:13:47]} {[%emt 00:00:03]} 26. Rxc6 {[%clk 00:27:04]}
{[%emt 00:01:22]} Kg7 {[%clk 00:11:50]} {[%emt 00:02:25]} 27. Rd7 {[%clk
00:25:25]} {[%emt 00:02:10]} Rhf8 {[%clk 00:11:57]} {[%emt 00:00:23]} 28. Ne6+
{[%clk 00:25:45]} {[%emt 00:00:10]} 1-0

[Event "Deutsche Ländermeisterschaft 2025"]
[Site "Oer-Erkenschwick GER"]
[Date "2025.10.01"]
[Round "1"]
[White "Benitez Villalba, Amaia Beatriz"]
[Black "Kübart, Ela Marie"]
[Result "0-1"]
[Termination "normal"]
[Board "4.8"]
[WhiteElo "1015"]
[BlackElo "1628"]
[WhiteClock "00:26:15"]
[BlackClock "00:26:24"]
[WhiteTeam "Niedersachsen"]
[BlackTeam "Baden"]
[PlyCount "132"]
[WhiteFideId "3714802"]
[BlackFideId "34633723"]
[EventCountry "GER"]
[EventRounds "7"]
[EventType "team-swiss"]
[EventDate "2025.09.30"]

1. d4 {[%clk 01:30:58]} {[%emt 00:00:01]} e6 {[%clk 01:30:53]} {[%emt
00:00:08]} 2. Nf3 {[%clk 01:31:06]} {[%emt 00:00:22]} f5 {[%clk 01:30:59]}
{[%emt 00:00:23]} 3. Bf4 {[%clk 01:30:36]} {[%emt 00:01:00]} Nf6 {[%clk
01:30:53]} {[%emt 00:00:37]} 4. e3 {[%clk 01:29:46]} {[%emt 00:01:19]} d5
{[%clk 01:31:00]} {[%emt 00:00:23]} 5. Bd3 {[%clk 01:28:08]} {[%emt 00:02:08]}
Bd6 {[%clk 01:31:17]} {[%emt 00:00:12]} 6. Bg3 {[%clk 01:27:12]} {[%emt
00:01:26]} O-O {[%clk 01:31:34]} {[%emt 00:00:14]} 7. Nbd2 {[%clk 01:25:33]}
{[%emt 00:02:08]} Ne4 {[%clk 01:31:28]} {[%emt 00:00:35]} 8. Bxe4 {[%clk
01:21:58]} {[%emt 00:04:05]} fxe4 {[%clk 01:31:45]} {[%emt 00:00:13]} 9. Ne5
{[%clk 01:20:53]} {[%emt 00:01:36]} Nd7 {[%clk 01:31:10]} {[%emt 00:01:05]} 10.
Nxd7 {[%clk 01:14:04]} {[%emt 00:07:19]} Qxd7 {[%clk 01:31:25]} {[%emt
00:00:15]} 11. O-O {[%clk 01:13:14]} {[%emt 00:01:21]} Qe7 {[%clk 01:31:05]}
{[%emt 00:00:48]} 12. Qe2 {[%clk 01:12:32]} {[%emt 00:01:14]} Bd7 {[%clk
01:30:57]} {[%emt 00:00:36]} 13. a4 {[%clk 01:11:32]} {[%emt 00:01:32]} Be8
{[%clk 01:30:40]} {[%emt 00:00:47]} 14. b3 {[%clk 01:10:24]} {[%emt 00:01:38]}
c6 {[%clk 01:30:05]} {[%emt 00:01:04]} 15. c4 {[%clk 01:08:46]} {[%emt
00:02:09]} Bg6 {[%clk 01:29:44]} {[%emt 00:00:49]} 16. c5 {[%clk 01:07:20]}
{[%emt 00:01:57]} Bc7 {[%clk 01:29:55]} {[%emt 00:00:18]} 17. Bxc7 {[%clk
01:02:48]} {[%emt 00:05:04]} Qxc7 {[%clk 01:29:56]} {[%emt 00:00:28]} 18. f3
{[%clk 01:02:15]} {[%emt 00:01:04]} exf3 {[%clk 01:28:56]} {[%emt 00:01:30]}
19. Nxf3 {[%clk 01:02:23]} {[%emt 00:00:22]} Bh5 {[%clk 01:27:45]} {[%emt
00:01:35]} 20. e4 {[%clk 00:58:14]} {[%emt 00:04:44]} Qf4 {[%clk 01:23:33]}
{[%emt 00:04:39]} 21. Rae1 {[%clk 00:56:10]} {[%emt 00:02:35]} Rf6 {[%clk
01:13:12]} {[%emt 00:10:50]} 22. Qe3 {[%clk 00:54:35]} {[%emt 00:02:07]} Qxe3+
{[%clk 01:03:10]} {[%emt 00:10:33]} 23. Rxe3 {[%emt 00:00:10]} Raf8 {[%emt
00:00:44]} 24. exd5 {[%clk 00:52:34]} {[%emt 00:01:38]} exd5 {[%clk 01:02:29]}
{[%emt 00:01:10]} 25. Nd2 {[%clk 00:49:44]} {[%emt 00:03:19]} Rf4 {[%clk
00:58:39]} {[%emt 00:04:17]} 26. Rxf4 {[%clk 00:48:07]} {[%emt 00:02:12]} Rxf4
{[%clk 00:58:53]} {[%emt 00:00:15]} 27. Nf3 {[%clk 00:46:45]} {[%emt 00:01:49]}
Bxf3 {[%clk 00:58:42]} {[%emt 00:00:44]} 28. gxf3 {[%clk 00:46:44]} {[%emt
00:00:31]} Rxd4 {[%clk 00:58:28]} {[%emt 00:00:44]} 29. Re7 {[%clk 00:46:48]}
{[%emt 00:00:25]} Rb4 {[%clk 00:58:31]} {[%emt 00:00:25]} 30. Re3 {[%clk
00:46:28]} {[%emt 00:00:45]} Kf7 {[%clk 00:58:14]} {[%emt 00:00:54]} 31. Kf2
{[%clk 00:46:09]} {[%emt 00:00:49]} Rd4 {[%clk 00:56:14]} {[%emt 00:02:29]} 32.
Kg3 {[%clk 00:43:23]} {[%emt 00:03:14]} Rd2 {[%clk 00:54:07]} {[%emt 00:02:40]}
33. Rc3 {[%clk 00:39:26]} {[%emt 00:04:25]} g5 {[%clk 00:51:43]} {[%emt
00:02:56]} 34. h3 {[%clk 00:38:57]} {[%emt 00:00:59]} h5 {[%clk 00:51:21]}
{[%emt 00:00:50]} 35. f4 {[%clk 00:38:01]} {[%emt 00:01:29]} Kg6 {[%clk
00:50:07]} {[%emt 00:01:39]} 36. fxg5 {[%clk 00:37:57]} {[%emt 00:00:40]} Kxg5
{[%clk 00:50:18]} {[%emt 00:00:17]} 37. Re3 {[%clk 00:36:47]} {[%emt 00:01:32]}
h4+ {[%clk 00:50:06]} {[%emt 00:00:51]} 38. Kf3 {[%clk 00:36:29]} {[%emt
00:00:48]} Kf5 {[%clk 00:50:00]} {[%emt 00:00:35]} 39. Re7 {[%clk 00:36:05]}
{[%emt 00:00:55]} Rd3+ {[%clk 00:50:02]} {[%emt 00:00:23]} 40. Kg2 {[%clk
00:35:04]} {[%emt 00:01:35]} Rxb3 {[%clk 00:49:44]} {[%emt 00:00:50]} 41. Rf7+
{[%clk 00:35:07]} {[%emt 00:00:25]} Kg6 {[%clk 00:49:57]} {[%emt 00:00:16]} 42.
Rf4 {[%clk 00:34:37]} {[%emt 00:00:58]} Kg5 {[%clk 00:48:04]} {[%emt 00:02:28]}
43. Rg4+ {[%clk 00:34:25]} {[%emt 00:00:41]} Kh5 {[%clk 00:46:39]} {[%emt
00:01:51]} 44. Rf4 {[%clk 00:32:33]} {[%emt 00:02:26]} Rg3+ {[%clk 00:45:34]}
{[%emt 00:01:33]} 45. Kf2 {[%clk 00:32:13]} {[%emt 00:00:50]} Rxh3 {[%clk
00:43:46]} {[%emt 00:02:20]} 46. Rb4 {[%clk 00:32:28]} {[%emt 00:00:12]} Ra3
{[%clk 00:42:59]} {[%emt 00:01:18]} 47. Kg2 {[%clk 00:32:04]} {[%emt 00:00:54]}
Kg5 {[%clk 00:42:06]} {[%emt 00:01:21]} 48. Kh2 {[%clk 00:31:26]} {[%emt
00:01:09]} a5 {[%clk 00:41:50]} {[%emt 00:00:48]} 49. Rxb7 {[%clk 00:31:04]}
{[%emt 00:00:53]} Rxa4 {[%clk 00:38:02]} {[%emt 00:04:18]} 50. Rc7 {[%clk
00:31:03]} {[%emt 00:00:31]} Ra2+ {[%clk 00:37:41]} {[%emt 00:00:49]} 51. Kh3
{[%clk 00:30:45]} {[%emt 00:00:47]} a4 {[%clk 00:37:06]} {[%emt 00:01:07]} 52.
Rxc6 {[%clk 00:30:52]} {[%emt 00:00:24]} a3 {[%clk 00:36:56]} {[%emt 00:00:39]}
53. Rd6 {[%clk 00:30:53]} {[%emt 00:00:28]} Rd2 {[%clk 00:35:36]} {[%emt
00:01:49]} 54. Ra6 {[%clk 00:30:15]} {[%emt 00:01:10]} a2 {[%clk 00:33:40]}
{[%emt 00:02:26]} 55. c6 {[%clk 00:30:38]} {[%emt 00:00:08]} Rc2 {[%clk
00:33:35]} {[%emt 00:00:24]} 56. c7 {[%clk 00:28:40]} {[%emt 00:02:39]} Rxc7
{[%clk 00:33:49]} {[%emt 00:00:16]} 57. Rxa2 {[%clk 00:29:04]} {[%emt
00:00:05]} Rc3+ {[%clk 00:34:06]} {[%emt 00:00:13]} 58. Kh2 {[%clk 00:29:09]}
{[%emt 00:00:15]} d4 {[%clk 00:33:27]} {[%emt 00:01:18]} 59. Ra5+ {[%clk
00:29:05]} {[%emt 00:00:34]} Kg4 {[%clk 00:33:35]} {[%emt 00:00:20]} 60. Ra4
{[%clk 00:29:06]} {[%emt 00:00:30]} Rc2+ {[%clk 00:33:25]} {[%emt 00:00:40]}
61. Kg1 {[%clk 00:28:08]} {[%emt 00:01:24]} Rd2 {[%clk 00:33:41]} {[%emt
00:00:15]} 62. Ra1 {[%clk 00:27:14]} {[%emt 00:01:28]} h3 {[%clk 00:33:52]}
{[%emt 00:00:17]} 63. Rf1 {[%clk 00:26:59]} {[%emt 00:00:44]} Kg3 {[%clk
00:33:07]} {[%emt 00:01:14]} 64. Kh1 {[%clk 00:26:52]} {[%emt 00:00:36]} h2
{[%clk 00:30:51]} {[%emt 00:02:48]} 65. Re1 {[%clk 00:26:56]} {[%emt 00:00:28]}
Rg2 {[%clk 00:26:24]} {[%emt 00:04:46]} 66. Rg1 {[%clk 00:26:15]} {[%emt
00:01:22]} hxg1=Q# {[%emt 00:00:16]} 0-1